000 00350nam a2200157Ia 4500
003 Ost
005 20260225132549.0
008 260225s9999||||xx |||||||||||||| ||und||
040 _cfsic
041 _afre
082 _a440
100 _aAmar dhina
_eAuteur
245 0 _aHommes d'etat Homme de guerre /
245 0 _cAmar dhina
942 _cكتاب
999 _c34025
_d34025